Let do nebezpečenstva /

Hlavní autor: Castle, John
Další autoři: Hailey, Arthur, 1920-2004
Jazyk: Slovenština
Vydáno: Bratislava : Mladé letá, 1966
Vydání: 1. vyd.
Edice: Stopy (Mladé letá)
Fyzický popis: 158 s. : il.
Knihy
Uloženo v:
LEADER 00867nam a22002652a 4500
001 001336181
003 CZ BrMZK
005 20131015143730.0
007 ta
008 131015s1966 xo a er|||||||||||slo d
040 |a BOA001  |b cze 
041 1 |a slo  |h eng 
100 1 |a Castle, John  |7 mzk2004228336  |4 aut 
245 1 0 |a Let do nebezpečenstva /  |c John Castle, Arthur Hailey ; z anglického originálu ... preložila Viera Marušiaková ; ilustroval Václav Junek 
250 |a 1. vyd. 
260 |a Bratislava :  |b Mladé letá,  |c 1966 
300 |a 158 s. :  |b il. 
490 1 |a Stopy 
700 1 |a Hailey, Arthur,  |d 1920-2004  |7 jn19990003074  |4 aut 
765 0 |t Flight into danger  |9 Slovensky 
830 0 |a Stopy (Mladé letá) 
910 |a BOA001  |b 2-0567.228 
990 |a BK 
991 |b 201310 
996 7 |b 2619024454  |c 2-0567.228  |l HP2  |r DEN  |n 0  |w 001371154  |u 000010  |a 1  |e BOA001  |j MZK50  |s A